000 00917nam a2200313Ia 4500
003 OSt
005 20221006144438.0
006 a|||||r|||| 00| 0
007 ta
008 221006b |||||||| |||| 00| 0 eng d
020 _a0706924789
_c150.00
020 _a9780706924787
024 _a11,694
037 _cTextual
040 _aEASL
_cEASL
_beng
041 _2eng
_aeng
082 _aV1:1941,(zP).N81, M4
100 _aWILLIAMS Geoffrey
245 0 _aGlobal defence motivation and policy in a nuclear age
260 _aDelhi
_bVikas Pub. India
_c1984
300 _a366p.
_ccm.
490 _v Gen
650 _a Gen
650 _a Middle sized and Smaller powers - Defence thinking of
_9652025
650 _a NATO
_9652026
650 _aSuper Powers - Defence thinking of
_9652027
942 _hV1:1941,(zP).N81, M4
_cTEXL
_2CC
999 _c1079780
_d1079780